30 Tallest buildings on the world by city! - Statistics

General Stats
  • This quiz has been taken 53 times
  • The average score is 12 of 28
Answer Stats
# Heigth (m) Building City % Correct
1 829.8 Burj Khalifa Dubai (AE)
98%
3 541.3 One World Trade Center New York (US)
91%
4 508 TAIPEI 101 Taipei (TW)
88%
7-8 451.9 Petronas Twin Towers Kuala Lumpur (MY)
72%
2 601 Makkah Royal Clock Tower Hotel Mecca (SA)
67%
10 442.1 Willis Tower Chicago (US)
65%
5 492 ________ World Financial Center Shanghai (CN)
65%
22 381 Empire State Building New York City (US)
60%
30 354.6 Emirates Tower One Dubai (AE)
53%
6 484 International Commerce Center Hong Kong (CN)
53%
26 365.8 Bank of America Tower New York City (US)
49%
14 420.5 Jin Mao Tower Shanghai (CN)
49%
25 367.4 Bank of China Tower Hong Kong (CN)
42%
13 423.2 Trump International Hotel & Tower Chicago (US)
35%
15 413.4 Princess Tower Dubai (AE)
35%
21 381.2 Burj Mohammed Bin Rashid Abu Dhabi (AE)
30%
23 380.5 Elite Residence Dubai (AE)
28%
27 360 Almas Tower Dubai (AE)
28%
17 412 Two International Finance Center Hong Kong (CN)
28%
28-29 355.4 JW Marriott Marquis Hotel _____ Towers (1 & 2) Dubai (AE)
26%
18 392.4 23 Marina Dubai (AE)
23%
9 450 Zifeng Tower Nanjing (CN)
23%
20 384 Shun Hing Square Shenzhen (CN)
23%
16 412.6 Al Hamra Tower Kuwait City (KW)
21%
24 373.9 Central Plaza Hong Kong (CN)
19%
12 438.6 ________ International Finance Center Guangzhou (CN)
16%
19 390.2 CITIC Plaza Guangzhou (CN)
14%
11 441.8 KK100 Shenzhen (CN)
14%
No matching quizzes found
Score Distribution
Percent of People with Each Score
Percentile by Number Answered
Your Score History
You have not taken this quiz